Military Misfortunes The Anatomy of Failure in War (Record no. 589313)
[ view plain ]
| 000 -LEADER | |
|---|---|
| fixed length control field | 00437 a2200157 4500 |
| 003 - CONTROL NUMBER IDENTIFIER | |
| control field | NUST |
| 038 ## - RECORD CONTENT LICENSOR | |
| Staff Name | Muhammad Ibrahim |
| 082 ## - DEWEY DECIMAL CLASSIFICATION NUMBER | |
| Classification number | 355.480904 |
| Author Mark | COH 1995 |
| 100 ## - MAIN ENTRY--PERSONAL NAME | |
| Personal name | Cohen, Eliot A. |
| 9 (RLIN) | 48704 |
| 245 ## - TITLE STATEMENT | |
| Title | Military Misfortunes The Anatomy of Failure in War |
| Statement of responsibility, etc. | Eliot A. Cohen |
| 260 ## - PUBLICATION, DISTRIBUTION, ETC. | |
| Place of publication, distribution, etc. | Lahore : |
| Name of publisher, distributor, etc. | Service Book Club, |
| Date of publication, distribution, etc. | 1995 |
| 300 ## - PHYSICAL DESCRIPTION | |
| Extent | viii, 296p. : |
| Dimensions | 24 cm |
| 563 ## - BINDING INFORMATION | |
| Binding note | H.B |
| 650 ## - SUBJECT ADDED ENTRY--TOPICAL TERM | |
| Topical term or geographic name entry element | Military Wars |
| 9 (RLIN) | 91153 |
| 942 ## - ADDED ENTRY ELEMENTS (KOHA) | |
| Source of classification or shelving scheme | |
| Koha item type | Book |
| Withdrawn status | Lost status | Source of classification or shelving scheme | Damaged status | Not for loan | Permanent Location | Current Location | Shelving location | Date acquired | Total Checkouts | Full call number | Barcode | Date last seen | Price effective from | Koha item type |
|---|---|---|---|---|---|---|---|---|---|---|---|---|---|---|
| Centre for International Peace & Stability (CIPS) | Centre for International Peace & Stability (CIPS) | General Stacks | 04/14/2022 | 355.480904 COH 1995 | CIPSD0000710 | 04/21/2022 | 04/21/2022 | Book |
